| 000 | 00351 a2200157 4500 | ||
|---|---|---|---|
| 001 | 190800 | ||
| 020 | _a978-85-08-103-79-9 | ||
| 040 | _cMagnum | ||
| 100 | _aIacocca, Michele | ||
| 240 | 1 | 0 |
_aAs aventuras de Bambolina _lpor |
| 245 | 1 | 0 | _aAs aventuras de Bambolina |
| 300 | _a30 | ||
| 362 | 0 | _a2007 | |
| 697 | _aLITERATURA INFANTIL | ||
| 942 | _cBK | ||
| 999 |
_c190800 _d190800 |
||